00817nam a22002417a 450000500170000001000130001702000220003003500130005203700160006504000120008108200150009310000280010824500430013626000380017927000500021730000260026750000490029365000370034265000310037994200240041099900190043495201220045320170124110012.0 aA-493644 c00.00a8170186684 aA-493644 bCen Lib/Ret aDPLbEN a371.3bBOU aBourai, H. H. A.973204 aDynamic teaching /cby H. H. A. Bourai aNew DelhibD. K. Publishersc1991 a1, Ansari Road, Darya GanjbNew Delhie110002 axxiv,267p. c21cm(Hb) aIncludes bibliographical reference and index aTeaching--Aids and devices98965 aTechnical education925979 2ddccENh371.3mBOU c126586d126586 00104070aLbLd2015-06-25eCen Lib/Retg0.00l0o371.3 BOUpA-493644r2015-06-25 00:00:00t1v0.00w2015-06-25yEN